000 00389nam a2200157Ia 4500
003 Ost
005 20260225132543.0
008 260225s9999||||xx |||||||||||||| ||und||
040 _cfsic
041 _afre
082 _a440
100 _aAbdelmadjid Bouzidi
_eAuteur
245 0 _aQuestions actuelles de la planification Algérienne /
245 0 _cAbdelmadjid Bouzidi
942 _cكتاب
999 _c33656
_d33656